<?xml version="1.0" encoding="UTF-8"?>
<collection xmlns="http://www.loc.gov/MARC21/slim">
  <record>
    <leader>00000nam  2200000   4500</leader>
    <controlfield tag="001">INLIS000000000810225</controlfield>
    <controlfield tag="005">20251116014903</controlfield>
    <datafield tag="035" ind1="#" ind2="#">
      <subfield code="a">0010-1125000079</subfield>
    </datafield>
    <controlfield tag="007">ta</controlfield>
    <controlfield tag="008">251116###########################0######</controlfield>
    <datafield tag="020" ind1="#" ind2="#">
      <subfield code="a">9786025628153</subfield>
    </datafield>
    <datafield tag="082" ind1="#" ind2="#">
      <subfield code="a">492.7807</subfield>
    </datafield>
    <datafield tag="084" ind1="#" ind2="#">
      <subfield code="a">492.7807 MUH t</subfield>
    </datafield>
    <datafield tag="245" ind1="#" ind2="#">
      <subfield code="a">Metode Teori Kunci :</subfield>
      <subfield code="b">membaca &amp; memahami arab gundul /</subfield>
      <subfield code="c">Muhammad Atim</subfield>
    </datafield>
    <datafield tag="260" ind1="#" ind2="#">
      <subfield code="a">bandung :</subfield>
      <subfield code="b">Mega rancage press,</subfield>
      <subfield code="c">2019</subfield>
    </datafield>
    <datafield tag="300" ind1="#" ind2="#">
      <subfield code="a">251 hlm ;</subfield>
      <subfield code="c">24 cm</subfield>
    </datafield>
  </record>
</collection>
